000
00379nam a2200181Ia 4500
003
0100
008
130303s9999 xx 000 0 und d
040
_c
ARRUPELIB
050
_a
PL8681.9G6T7
100
_a
Gombe, J.M
245
_a
Tsika Dzavashona
260
_a
Harare
260
_b
College Press
260
_C
1986
300
_a
102p.
300
_b
21cm.
942
0
0
_0
5
999
_c
23046
_d
23046